| 000 | 00784cam a22002413a 4500 | ||
|---|---|---|---|
| 001 | 8807 | ||
| 003 | PGUSA | ||
| 005 | 20140828083205.0 | ||
| 008 | 050901s2005||||xxu|||||s|||||000 | eng d | ||
| 040 |
_aPGUSA _beng |
||
| 042 | _adc | ||
| 050 | 4 | _aF1751 | |
| 100 | 1 |
_aDavis, Richard Harding, _d1864-1916 |
|
| 245 | 1 | 0 |
_aCuba in War Time _h[electronic resource] / _cRichard Harding Davis |
| 260 |
_bProject Gutenberg, _c2005 |
||
| 506 | _aCopyrighted. Read the copyright notice inside this book for details. | ||
| 516 | _aElectronic text | ||
| 653 | _aDavis, Richard Harding, 1864-1916 | ||
| 653 | _aCuba -- History -- Revolution, 1895-1898 -- Personal narratives, American | ||
| 830 | 0 |
_aProject Gutenberg _v8807 |
|
| 856 | 4 | 0 | _uhttp://www.gutenberg.org/ebooks/8807 |
| 942 | _cAB | ||
| 999 |
_c238093 _d238093 |
||